World's Top 100 Airlines Quiz - Statistics

General Stats
  • This quiz has been taken 374 times
  • The average score is 49 of 100
Answer Stats
Picture Answer % Correct
Emirates
90%
Japan Airlines
88%
Lufthansa
85%
Delta
84%
Qatar Airways
84%
Air Canada
83%
Air France
83%
Korean Air
81%
Qantas
81%
American
80%
British Airways
80%
KLM
80%
Turkish Airlines
80%
Ryanair
79%
Singapore Airlines
79%
United
77%
easyJet
74%
Virgin Atlantic
74%
Thai
73%
Cathay Pacific
72%
Finnair
70%
LOT
70%
Etihad
69%
South Africa
69%
Air New Zealand
68%
All Nippon Airways
68%
JetBlue
68%
Ethiopian
65%
Iberia
65%
SAS
65%
Wizz
65%
Aer Lingus
64%
Southwest
64%
Alaska
63%
Hawaiian
62%
Swiss Airlines
62%
Malaysia
61%
China Southern
59%
Eva Air
59%
Jet2
59%
LATAM
57%
China Airlines
55%
JetStar
54%
Vueling
54%
TUI
53%
Virgin Australia
52%
Air Baltic
50%
flyDubai
48%
Hainan Airlines
48%
Air Arabia
47%
Royal Brunei
47%
Scoot
47%
Vietnam
47%
WestJet
47%
Eurowings
44%
Oman Air
44%
Austrian
43%
Royal Air Maroc
43%
Asiana
42%
Garuda Indonesia
41%
Air Asia
40%
Fiji
40%
TAP Air Portugal
39%
Gulf Air
38%
Brussels
36%
Copa
35%
JetStar Asia
35%
Kenya
35%
Philippine Airlines
35%
SKY
34%
Air Canada Rouge
33%
Norwegian
33%
Aegean
32%
RwandAir
32%
Vistara
32%
IndiGo
31%
Saudi Arabian Airlines
29%
PLAY
28%
Air Astana
27%
Air Transat
27%
Citilink
25%
Kuwait
24%
Sun Country
23%
SunExpress
23%
Bangkok
22%
Peach
22%
Volotea
22%
Azerbaijan
20%
Hong Kong
20%
Rex
18%
Juneyao
17%
Porter
17%
Air Mauritius
16%
STARLUX
16%
Flynas
14%
Transavia France
14%
Breeze
12%
Air Dolomiti
11%
JetSmart
10%
Azul Brazilian
8%
No matching quizzes found
Score Distribution
Percent of People with Each Score
Percentile by Number Answered
Your Score History
You have not taken this quiz